It stands to reason (Record no. 71745)
[ view plain ]
| 000 -LEADER | |
|---|---|
| fixed length control field | 01547cam a2200313 4500 |
| 001 - CONTROL NUMBER | |
| control field | ABS66272 |
| 008 - FIXED-LENGTH DATA ELEMENTS--GENERAL INFORMATION | |
| fixed length control field | 021211n2002 000 0 eng u |
| 035 ## - SYSTEM CONTROL NUMBER | |
| System control number | (Sirsi) u120734 |
| 100 ## - MAIN ENTRY--PERSONAL NAME | |
| Personal name | Goldberg, J |
| 245 ## - TITLE STATEMENT | |
| Title | It stands to reason |
| 260 ## - PUBLICATION, DISTRIBUTION, ETC. | |
| Date of publication, distribution, etc. | 2002 |
| 490 ## - SERIES STATEMENT | |
| Series statement | Estates Gazette |
| Volume/sequential designation | (0245) 9 November 2002, 149-150(2) |
| 520 ## - SUMMARY, ETC. | |
| Summary, etc. | Argues that landlords must act reasonably towards applications to assign or underlet. Uses a variety of cases to illustrate what is reasonable, reasonable refusals, reasonable information, and reasonableness of refusal. Concludes that objections must be lodged promptly, in writing and with good reasons. If response is delayed the landlord may be held in breach, and damages for delay or for unreasonably withholding consent may be payable. |
| 590 ## - LOCAL NOTE (RLIN) | |
| Local note | ABS |
| 650 ## - SUBJECT ADDED ENTRY--TOPICAL TERM | |
| Topical term or geographic name entry element | MIDLAND BANK PLC V CHART ENTERPRISES INC |
| 650 ## - SUBJECT ADDED ENTRY--TOPICAL TERM | |
| Topical term or geographic name entry element | DONG BANG MINERVA (UK) LTD V DAVINA LTD |
| 650 ## - SUBJECT ADDED ENTRY--TOPICAL TERM | |
| Topical term or geographic name entry element | FOOTWEAR CORPORATION LTD V AMPLIGHT PROPERTIES LTD |
| 650 ## - SUBJECT ADDED ENTRY--TOPICAL TERM | |
| Topical term or geographic name entry element | BLOCKBUSTER ENTERTAINMENT LTD V LEAKCLIFF PROPERTIES LTD |
| 650 ## - SUBJECT ADDED ENTRY--TOPICAL TERM | |
| Topical term or geographic name entry element | NORWICH UNION LIFE INSURANCE SOCIETY V SHOPMOOR LTD |
| 650 ## - SUBJECT ADDED ENTRY--TOPICAL TERM | |
| Topical term or geographic name entry element | CIN PROPERTIES LTD V GILL |
| 650 ## - SUBJECT ADDED ENTRY--TOPICAL TERM | |
| Topical term or geographic name entry element | KENED LTD V CONNIE INVESTMENTS LTD |
| 650 ## - SUBJECT ADDED ENTRY--TOPICAL TERM | |
| Topical term or geographic name entry element | STRAUDLEY INVESTMENTS LTD V MOUNT EDEN LAND LTD |
| 650 ## - SUBJECT ADDED ENTRY--TOPICAL TERM | |
| Topical term or geographic name entry element | HOMEBASE LTD AND ANOTHER V ALLIED DUNBAR ASSURANCE PLC |
| 650 ## - SUBJECT ADDED ENTRY--TOPICAL TERM | |
| Topical term or geographic name entry element | ASHWORTH FRAZER LTD V GLOUCESTER CITY COUNCIL |
| 650 ## - SUBJECT ADDED ENTRY--TOPICAL TERM | |
| Topical term or geographic name entry element | UNDERLETTING |
| 650 ## - SUBJECT ADDED ENTRY--TOPICAL TERM | |
| Topical term or geographic name entry element | LANDLORD AND TENANT ACT 1988 |
| 690 ## - LOCAL SUBJECT ADDED ENTRY--TOPICAL TERM (OCLC, RLIN) | |
| Topical term or geographic name as entry element | LANDLORD AND TENANT-LEASES-CASE LAW |
| 942 ## - ADDED ENTRY ELEMENTS (KOHA) | |
| Suppress in OPAC | 0 |
| Withdrawn status | Lost status | Source of classification or shelving scheme | Damaged status | Not for loan | Home library | Current library | Shelving location | Date acquired | Total Checkouts | Full call number | Barcode | Date last seen | Copy number | Price effective from | Koha item type |
|---|---|---|---|---|---|---|---|---|---|---|---|---|---|---|---|
| Dewey Decimal Classification | London | London | Journal article | 11/12/2002 | ABS66272 | 120734-1001 | 06/08/2019 | 1 | 06/08/2019 | Journal article |